[Event "TUR-chT2"]
[Site "Konya"]
[Date "2018.07.14"]
[Round "7.20"]
[White "Ay, Riza Enes"]
[Black "Okumusoglu, Ege"]
[Result "0-1"]
[WhiteElo "1362"]
[BlackElo "1055"]
[PlyCount "54"]
[EventDate "2018.07.10"]
[EventType "team-swiss"]
[EventRounds "9"]
[EventCountry "TUR"]
[SourceTitle "EXT 2019"]
[Source "ChessBase"]
[SourceDate "2018.10.10"]
[SourceVersion "1"]
[SourceVersionDate "2018.10.10"]
[SourceQuality "1"]
[WhiteTeam "Burdur Belediyesi"]
[BlackTeam "Antalya Deniz Genclik"]
[WhiteTeamCountry "TUR"]
[BlackTeamCountry "TUR"]

1. e4 c5 2. c3 Nc6 3. f4 d6 4. Bb5 a6 5. Bxc6+ bxc6 6. Nf3 d5 7. d3 Bg4 8. 0-0 Nf6 9. Qe1 e6 10. h3 Bxf3 11. Rxf3 Be7 12. e5 Nd7 13. f5 Qc7 14. Bf4 g6 15. f6 Bf8 16. Kh1 Rb8 17. Na3 Qa7 18. b3 Nb6 19. Nc2 Rg8 20. Bd2 h5 21. Qh4 Nd7 22. Re1 Qc7 23. Rff1 Bh6 24. Bxh6 Rh8 25. Kg1 Rxh6 26. Qf4 Rh8 27. Re2 Nb6 0-1

[Event "TUR-chT2"]
[Site "Konya"]
[Date "2018.07.12"]
[Round "5.8"]
[White "Ay, Riza Enes"]
[Black "Bahadir, Melih"]
[Result "0-1"]
[WhiteElo "1362"]
[BlackElo "1602"]
[PlyCount "58"]
[EventDate "2018.07.10"]
[EventType "team-swiss"]
[EventRounds "9"]
[EventCountry "TUR"]
[SourceTitle "EXT 2019"]
[Source "ChessBase"]
[SourceDate "2018.10.10"]
[SourceVersion "1"]
[SourceVersionDate "2018.10.10"]
[SourceQuality "1"]
[WhiteTeam "Burdur Belediyesi"]
[BlackTeam "Duzce Duzcespor"]
[WhiteTeamCountry "TUR"]
[BlackTeamCountry "TUR"]

1. e4 e6 2. d4 d5 3. Nc3 dxe4 4. Nxe4 Nd7 5. Nf3 Ngf6 6. Nxf6+ Nxf6 7. Bg5 Be7 8. Bd3 h6 9. Bh4 0-0 10. Qe2 Rb8 11. c3 b6 12. 0-0 Bb7 13. Ne5 c5 14. dxc5 Qd5 15. f3 Qxc5+ 16. Kh1 Rfd8 17. Bf2 Qc7 18. Rfd1 Rd5 19. Nc4 Rh5 20. h3 Ng4 21. Bg1 Bc5 22. Be4 Bxe4 23. Qxe4 Bxg1 24. Nd6 Nf2+ 25. Kxg1 Nxe4 26. Nxe4 Rd5 27. Re1 f5 28. Nf2 Rd2 29. Rab1 Qc5 0-1

[Event "TUR-chT2"]
[Site "Konya"]
[Date "2018.07.12"]
[Round "4.17"]
[White "Sahin, Taha"]
[Black "Ay, Riza Enes"]
[Result "1/2-1/2"]
[WhiteElo "1688"]
[BlackElo "1362"]
[PlyCount "93"]
[EventDate "2018.07.10"]
[EventType "team-swiss"]
[EventRounds "9"]
[EventCountry "TUR"]
[SourceTitle "EXT 2019"]
[Source "ChessBase"]
[SourceDate "2018.10.10"]
[SourceVersion "1"]
[SourceVersionDate "2018.10.10"]
[SourceQuality "1"]
[WhiteTeam "Ermenek Turkuaz Yelken"]
[BlackTeam "Burdur Belediyesi"]
[WhiteTeamCountry "TUR"]
[BlackTeamCountry "TUR"]

1. e4 c5 2. Nf3 e6 3. d4 cxd4 4. Nxd4 a6 5. Nc3 Qc7 6. Be3 Nf6 7. a3 d6 8. Be2 Be7 9. 0-0 Nbd7 10. f4 b5 11. Bf3 Bb7 12. Qe2 0-0 13. g4 Nc5 14. Qg2 Rfd8 15. f5 e5 16. Nde2 d5 17. g5 Nfxe4 18. Bxe4 Nxe4 19. Nxe4 dxe4 20. g6 hxg6 21. fxg6 fxg6 22. Qxg6 Bd5 23. Nc3 Rd6 24. Qh5 Bf6 25. Rad1 Bb7 26. Rxd6 Qxd6 27. Rd1 Qe6 28. Rf1 Rc8 29. Qg6 Bc6 30. Nxe4 Bxe4 31. Qxe4 Rc4 32. Qa8+ Rc8 33. Qg2 Rc4 34. Qa8+ Kh7 35. Qf3 Rg4+ 36. Kh1 e4 37. Qe2 Bg5 38. Bxg5 Rxg5 39. Rf4 Re5 40. Qe3 Qd5 41. Rh4+ Kg8 42. Rg4 Qd1+ 43. Rg1 Qf3+ 44. Qxf3 exf3 45. Rf1 Re2 46. b4 f2 47. Kg2 1/2-1/2